Anna Hrušovská

Bibliographic Details
Main Author: Blaho, Jaroslav, 1942-2019 (uin)
Format: Article
Language:Slovak
ISSN:1335-4140
Subjects:

MARC

LEADER 00000nab a2200000 a 4500
001 vtls000791077
003 SK-MaSNL
005 20260304220042.0
008 250429c2002 xo 0 slo
015 |a SNBRB2002/04-13401 
035 |a CLN000142732 
035 |a urn:nbn:sk:snk-ab21d7 
035 |a (urnnbn)urn:nbn:sk:snk:ar-a01ejn 
035 |a (uuid)85d05bfc-0c08-4517-8137-3ac3db2d8c59 
040 |a SNKBUCL  |b slo  |c SNKBUCL  |e AACR2 
041 0 |a slo 
044 |a xo  |c SK 
080 |a 78.071.2:792.5  |2 1997 
080 |a 929 Hrušovská, Anna  |2 1997 
100 1 |a Blaho, Jaroslav,  |d 1942-2019  |4 uin  |9 186012 
245 1 0 |a Anna Hrušovská  |c Jaroslav Blaho 
600 1 7 |a Hrušovská, Anna,  |d 1912-2006  |2 snkbucl  |9 256992 
655 7 |a články z novín a časopisov  |2 snkbucl  |9 267496 
773 0 |t Hudobný život  |g Roč. 34, č. 1 (2002), s. 4  |x 1335-4140 
850 |a Slovenská národná knižnica 
852 |a Slovenská národná knižnica 
954 |a odborná, vedecká literatúra pôvodná (slovenská)  |2 lita 
958 |a article27 
958 |a OND 
958 |a SK 
958 |a BX 
958 |a EUIPO 
992 |a RBX 
999 |c 3149594  |d 3151524